000 01027nam a22002777a 4500
003 DO-SdBNP
005 20220610113524.0
007 ta
008 220610b2015 dr a|||| |||| 00| 0 spa d
020 _a9789945471939
040 _aDO-SdBNP
_bspa
_cBNPHU
082 4 _222
100 1 _aSchweitz, Rona
_981840
245 1 0 _aVivenciar la meditación :
_bpara alcanzar profunda sabiduría, alegría y paz
_cRosa Schweitz ; prólogo Mohimi Panjabi ; edición Luisa Hernández ; corrección Rafael Domínguez ; ilustraciones Marcos Silfa ; traducción Beléen Romero
260 _aSanto Domingo :
_bBrahma Kumaris,
_c2015.
300 _a127 p. :
_bil. ;
_c22 cm.
500 _aIncluye notas al pie de las páginas
590 _aInventariado, 2022/BT
700 1 _aPanjabi, Mohini,
_epról.
_981841
700 1 _aDomínguez, Rafael,
_ecorrección
_931828
700 1 _aSilfa, Marcos,
_eil.
_981842
700 1 _aHernández, Luisa,
_eed.
_966105
700 1 _aRomero, Belén,
_etr.
_981843
910 _aBtavárez
942 _2ddc
_cLBS1
999 _c52007
_d52007